My Digger is Bigger / (Record no. 47838)
| 000 -LEADER | |
|---|---|
| fixed length control field | 00423nam a22001217a 4500 |
| 008 - FIXED-LENGTH DATA ELEMENTS--GENERAL INFORMATION | |
| fixed length control field | 241107b |||||||| |||| 00| 0 eng d |
| 020 ## - INTERNATIONAL STANDARD BOOK NUMBER | |
| International Standard Book Number | 9781407173337 |
| 100 ## - MAIN ENTRY--PERSONAL NAME | |
| Personal name | Lou Kuenzler |
| 9 (RLIN) | 52336 |
| 245 ## - TITLE STATEMENT | |
| Title | My Digger is Bigger / |
| Statement of responsibility, etc | Lou Kuenzler |
| 260 ## - PUBLICATION, DISTRIBUTION, ETC. (IMPRINT) | |
| Place of publication, distribution, etc | London, New York, Toronto, Sydney, Auckland, Mexico City, New Delhi, Hong Kong |
| Name of publisher, distributor, etc | Scholastict Children't Books |
| Date of publication, distribution, etc | 2017 |
| 300 ## - PHYSICAL DESCRIPTION | |
| Extent | 32 p |
| Other physical details | col. ill |
| Dimensions | 37 cm. |
| 942 ## - ADDED ENTRY ELEMENTS (KOHA) | |
| Source of classification or shelving scheme | |
| Koha item type | Book |
| Withdrawn status | Lost status | Source of classification or shelving scheme | Damaged status | Not for loan | Collection code | Home library | Current library | Shelving location | Date acquired | Full call number | Barcode | Date last seen | Price effective from | Koha item type | Total Checkouts | Date checked out |
|---|---|---|---|---|---|---|---|---|---|---|---|---|---|---|---|---|
| Siem Riep | Asian Hope Siem Reap | Asian Hope Siem Reap | Easy Reading | 11/07/2024 | E KUE | 207200 | 11/07/2024 | 11/07/2024 | Book | |||||||
| Siem Riep | Asian Hope Siem Reap | Asian Hope Siem Reap | Easy Reading | 03/30/2026 | E KUE | 207201 | 04/09/2026 | 03/30/2026 | Book | 2 | 04/02/2026 |